| 000 | 00361nam a2200121Ia 4500 | ||
|---|---|---|---|
| 008 | 210423s2005 xx 000 0 und d | ||
| 082 | _a658 DAVM | ||
| 100 | _aDAVIS (Herbert J). | ||
| 245 | _aManagement in india: trends and transilation. | ||
| 260 |
_aNew Delhi _bResponse Books _c2005 |
||
| 365 | _cINR | ||
| 906 | _aindia: ; Management ; transilation. ; trends | ||
| 999 |
_c174210 _d174210 |
||